WWE Diva's Champions - Statistics

General Stats
  • This quiz has been taken 703 times
  • The average score is 13 of 17
Answer Stats
Title Reigns Last Won Champion % Correct
1 2015 Charlotte Flair
95%
2 2014 Nikki Bella
95%
3 2014 AJ Lee
94%
1 2011 Brie Bella
93%
2 2014 Paige
89%
2 2010 Michelle McCool
85%
1 2012 Layla
81%
1 2011 Beth Phoenix
79%
1 2011 Kelly Kelly
79%
1 2010 Natalya
78%
1 2010 Alicia Fox
70%
1 2009 Mickie James
69%
2 2010 Melina
67%
3 2012 Eve Torres
66%
2 2010 Maryse
63%
1 2013 Kaitlyn
62%
1 2009 Jillian Hall
47%
No matching quizzes found
Score Distribution
Percent of People with Each Score
Percentile by Number Answered
Your Score History
You have not taken this quiz